| 000 | 00585nam a2200241Ia 4500 | ||
|---|---|---|---|
| 003 | GCL | ||
| 008 | 140319s9999 xx 000 0 eng d | ||
| 040 |
_aGCL / _cGCL |
||
| 082 | 0 | 4 |
_a595.1 _bB A |
| 100 | 1 | _aBHAMARH, H. | |
| 245 | 1 | 0 |
_aAN INTRODUCTION TO HELMINTHES / _cBHAMARH, H. |
| 700 | 1 | _aBHAMARH, H. S. | |
| 700 | 1 | _aJUNEJA, KAVITA | |
| 260 |
_a[S.N] : _bANIMAL PUBLICATIONS ، _c1991 |
||
| 300 | _a202\P | ||
| 650 | 0 | 4 | _aHELMINTHOLOGY |
| 650 | 0 | 4 | _aWORMS |
| 650 | 0 | 4 | _aZOOLOGY |
| 650 | 0 | 4 | _aPHYLUM |
| 650 | 0 | 4 | _aFASCIOLA |
| 650 | 0 | 4 | _aANCYLOSTOMA |
| 942 |
_2ddc _cBK |
||
| 999 |
_c20192 _d20192 |
||